Celebrity jako odrůda značek

Celebrity a ich vysoké honoráre predstavujúce cenu drahej značky. Tri hlavné predajné kanály živých značiek. Spojenie celebrít s produktom, či s politickou stranou. Celebrity v reklame. Celebrity ako symbol komerčnej komunikácie spoločností. Vhodný výber osobnosti a cieľová skupina. Pokles popularit...

Descripción completa

Guardado en:
Detalles Bibliográficos
Autor principal: Kahoun, Filip
Formato: Capítulo de libro
Lenguaje:checo
Materias:
Etiquetas: Agregar Etiqueta
Sin Etiquetas, Sea el primero en etiquetar este registro!

MARC

LEADER 00000naa$a2200000$$$4500
001 0022829
005 20231018124049.7
041 0 |a cze 
044 |a CZ 
245 1 0 |a Celebrity jako odrůda značek  |c Filip Kahoun 
520 |a Celebrity a ich vysoké honoráre predstavujúce cenu drahej značky. Tri hlavné predajné kanály živých značiek. Spojenie celebrít s produktom, či s politickou stranou. Celebrity v reklame. Celebrity ako symbol komerčnej komunikácie spoločností. Vhodný výber osobnosti a cieľová skupina. Pokles popularity osobnosti a vplyv na produkt. 
610 2 0 |a reklama 
610 2 0 |a podpora predaja 
610 2 0 |a stratégia marketingová 
610 2 0 |a značky výrobkov 
610 2 0 |a značky kvality 
610 2 0 |a zákazníci 
610 2 0 |a komunikácia marketingová 
610 2 0 |a produkty 
100 1 |a Kahoun, Filip